Wenn der Kunde zum produkt wirt; Актуальные проблемы гуманитарных наук

Dades bibliogràfiques
Parent link:Актуальные проблемы гуманитарных наук.— 2005.— C. 412-413
Autor principal: Loyko O. T. Olga Timofeevna
Idioma:alemany
Publicat: 2005
Matèries:
Format: MixedMaterials Capítol de llibre
KOHA link:https://koha.lib.tpu.ru/cgi-bin/koha/opac-detail.pl?biblionumber=140058

MARC

LEADER 00000naa2a2200000 4500
001 140058
005 20240115145414.0
035 |a (RuTPU)RU\TPU\book\151729 
090 |a 140058 
100 |a 20080619d2005 k y0rusy50 ca 
101 0 |a ger 
102 |a RU 
200 1 |a Wenn der Kunde zum produkt wirt  |f O. T. Loyko 
320 |a Библиогр.: 1 назв. 
463 0 |0 (RuTPU)RU\TPU\book\118298  |t Актуальные проблемы гуманитарных наук  |o труды IV международной научно-практической конференции студентов, аспирантов и молодых ученых, 20-21 апреля 2005, Томск  |f Томский политехнический университет  |v C. 412-413  |d 2005  |p 458 с. 
610 1 |a туризм 
610 1 |a труды учёных ТПУ 
700 1 |a Loyko  |b O. T.  |c specialist in the field of cultural studies and social communication  |c Professor of Tomsk Polytechnic University, Doctor of philosophical sciences  |f 1949-  |g Olga Timofeevna  |3 (RuTPU)RU\TPU\pers\33615  |9 17273 
801 1 |a RU  |b 63413507  |c 20080619  |g PSBO 
801 2 |a RU  |b 63413507  |c 20160303  |g RCR 
942 |c BK